Normal view MARC view
  • YATES, RAYMOND F,RUSSELL, M. E

Entry Personal Name

Number of records used in: 1

001 - CONTROL NUMBER

  • control field: 58949

003 - CONTROL NUMBER IDENTIFIER

  • control field: NUST

005 - DATE AND TIME OF LATEST TRANSACTION

  • control field: 20210628202234.0

008 - FIXED-LENGTH DATA ELEMENTS

  • fixed length control field: 210628|| aca||aabn | a|a d

040 ## - CATALOGING SOURCE

  • Original cataloging agency: NUST
  • Transcribing agency: NUST

100 ## - HEADING--PERSONAL NAME

  • Personal name: YATES, RAYMOND F,RUSSELL, M. E

670 ## - SOURCE DATA FOUND

  • Source citation: Work cat.: (NUST): YATES, RAYMOND F,RUSSELL, M. E, SPACE ROCKETS AND MISSILES ILLUSTRATED WITH 76 PHOTOGRAPHS AND DRAWINGS, 1960
© 2023 Central Library, National University of Sciences and Technology. All Rights Reserved.